The Assessment of Professional Competence General Practice Division : Estates Gazette's mainly for students feature. together with supplementary guidance. (Record no. 100761)

MARC details
000 -LEADER
fixed length control field 00931cam a2200253 4500
001 - CONTROL NUMBER
control field J108208
008 - FIXED-LENGTH DATA ELEMENTS--GENERAL INFORMATION
fixed length control field 000000n2000 000 0 eng u
035 ## - SYSTEM CONTROL NUMBER
System control number (Sirsi) u108208
050 ## - LIBRARY OF CONGRESS CALL NUMBER
Classification number 333.3307
110 ## - MAIN ENTRY--CORPORATE NAME
Corporate name or jurisdiction name as entry element Estates Gazette
9 (RLIN) 298
245 #4 - TITLE STATEMENT
Title The Assessment of Professional Competence General Practice Division : Estates Gazette's mainly for students feature. together with supplementary guidance.
260 ## - PUBLICATION, DISTRIBUTION, ETC.
Place of publication, distribution, etc. Birmingham
Name of publisher, distributor, etc. Austen Imber
Date of publication, distribution, etc. 2000
300 ## - PHYSICAL DESCRIPTION
Extent 19p. ; 30cm.
520 ## - SUMMARY, ETC.
Summary, etc. Includes 2 mainly for students articles plus guidance on APC such as example interview questions and advice on preparing for the final day.
650 ## - SUBJECT ADDED ENTRY--TOPICAL TERM
Topical term or geographic name entry element APC
9 (RLIN) 6216
650 ## - SUBJECT ADDED ENTRY--TOPICAL TERM
Topical term or geographic name entry element APC
9 (RLIN) 6216
650 ## - SUBJECT ADDED ENTRY--TOPICAL TERM
Topical term or geographic name entry element GENERAL PRACTICE
650 ## - SUBJECT ADDED ENTRY--TOPICAL TERM
Topical term or geographic name entry element APC INTERVIEWS
650 ## - SUBJECT ADDED ENTRY--TOPICAL TERM
Topical term or geographic name entry element MAINLY FOR STUDENTS
650 ## - SUBJECT ADDED ENTRY--TOPICAL TERM
Topical term or geographic name entry element CAREERS, EDUCATION AND TRAINING
690 ## - LOCAL SUBJECT ADDED ENTRY--TOPICAL TERM (OCLC, RLIN)
Topical term or geographic name as entry element CAREERS, EDUCATION AND TRAINING
700 ## - ADDED ENTRY--PERSONAL NAME
Personal name Imber, Austen
International Standard Serial Number Editor
942 ## - ADDED ENTRY ELEMENTS (KOHA)
Suppress in OPAC 0
Holdings
Withdrawn status Lost status Source of classification or shelving scheme Damaged status Not for loan Home library Current library Shelving location Date acquired Total Checkouts Full call number Barcode Date last seen Copy number Price effective from Koha item type
    Dewey Decimal Classification     London London Basement 08/09/2000   BASEMENT 30062178 06/08/2019 1 06/08/2019 Reference material